UBT Library

50 essays : (Record no. 42352)

000 -LEADER
fixed length control field 01164cam a2200337 a 4500
001 - CONTROL NUMBER
control field 16703882
005 - DATE AND TIME OF LATEST TRANSACTION
control field 20180213035841.0
008 - FIXED-LENGTH DATA ELEMENTS--GENERAL INFORMATION
fixed length control field 110323s2011 mau b 001 0 eng
010 ## - LIBRARY OF CONGRESS CONTROL NUMBER
LC control number 2010906346
020 ## - INTERNATIONAL STANDARD BOOK NUMBER
International Standard Book Number 9780312668211 (pbk. : instructor's ed.)
020 ## - INTERNATIONAL STANDARD BOOK NUMBER
International Standard Book Number 031266821X (pbk. : instructor's ed.)
020 ## - INTERNATIONAL STANDARD BOOK NUMBER
International Standard Book Number 9780312609658 (pbk. : student ed.)
020 ## - INTERNATIONAL STANDARD BOOK NUMBER
International Standard Book Number 0312609655 (pbk. : student ed.)
020 ## - INTERNATIONAL STANDARD BOOK NUMBER
International Standard Book Number 9780312675431 (resources for teaching section of instructor's ed.)
020 ## - INTERNATIONAL STANDARD BOOK NUMBER
International Standard Book Number 0312675437 (resources for teaching section of instructor's ed.)
040 ## - CATALOGING SOURCE
Original cataloging agency DLC
Transcribing agency DLC
041 ## - LANGUAGE CODE
Language code of text/sound track or separate title eng
042 ## - AUTHENTICATION CODE
Authentication code pcc
080 ## - UNIVERSAL DECIMAL CLASSIFICATION NUMBER
Universal Decimal Classification number 808.4 sam
082 00 - DEWEY DECIMAL CLASSIFICATION NUMBER
Classification number 808.4 sam
Edition number 22
100 ## - Rafti
Rafti 23
101 ## - Shkurtesa
Shkurtesa gju
245 00 - TITLE STATEMENT
Title 50 essays :
Statement of responsibility, etc edited by Samuel Cohen.
246 3# - VARYING FORM OF TITLE
Title proper/short title Fifty essays
246 18 - VARYING FORM OF TITLE
Title proper/short title Resources for teaching :
Remainder of title 50 essays : a portable anthology
504 ## - BIBLIOGRAPHY, ETC. NOTE
Bibliography, etc Includes bibliographical references (p 467-470) and index.
906 ## - LOCAL DATA ELEMENT F, LDF (RLIN)
a 7
b cbc
c orignew
d 2
e ncip
f 20
g y-gencatlg
942 ## - ADDED ENTRY ELEMENTS (KOHA)
Source of classification or shelving scheme
Item type Books
Holdings
Withdrawn status Lost status Source of classification or shelving scheme Damaged status Not for loan Collection code Permanent location Current location Shelving location Date acquired Total Checkouts Full call number Barcode Date last seen Price effective from Koha item type
          Koleksioni i përgjithshem UBT - Lipjan UBT - Lipjan Koleksioni i përgjithshem 02/13/2018   808.4 sam 002-2999120 02/13/2018 02/13/2018 Books
UBT Library © 2015-2024. All rights reserved University Education for Business and Technology